000 00326nam a2200133Ia 4500
008 240624s9999 xx 000 0 und d
041 _aeng
082 _a920 KAK
100 _aKAKAR SUDHIR
245 _aBOOK OF MEMORY CONFESSIONS AND REFLECTIO
260 _c2010
_aNew Delhi
_bViking
300 _a318 : p.
365 _cRS
_b25
999 _c17230
_d17230